000 00681nam a2200181 4500
001 120423
003 ES-MaACL
005 20250818063055.0
007 t|
008 070214s1983 sp r ||||1| spa d
100 1 _aPistoletto, Michelangelo,
_d1933-
_9237814
245 1 0 _aMichelangelo Pistoletto
_b: [exposición] : Palacio de Cristal, Parque del Retiro, Madrid, octubre-diciembre 1983.
260 _aMadrid :
_bDirección General de Bellas Artes y Archivos,
_c1983.
300 _a240 p., 84 lám. :
_bil. ;
_c29 cm.
710 1 _aEspaña.
_bDirección General de Bellas Artes y Archivos.
_93708
852 _aES-MaACL
_jL-5555
_bR.105841
999 _c120423
_d120423